Halo Vehicles - Statistics

General Stats
  • This quiz has been taken 680 times
  • The average score is 8 of 13
Answer Stats
Hint Answer % Correct
Human Warthog
97%
Covenant Ghost
93%
Human Mongoose
89%
Covenant Banshee
84%
Human Scorpion Tank
84%
Covenant Wraith
84%
Brutes Chopper
68%
Human Hornet
64%
Human Gauss Warthog
35%
Brutes Prowler
31%
Human Elephant
25%
Covenant Spectre
23%
Human Transport Warthog
9%
No matching quizzes found
Score Distribution
Percent of People with Each Score
Percentile by Number Answered
Your Score History
You have not taken this quiz